00766nam a2200205Ia 4500001001000000003000500010008004100015010001100056040000900067100003300076245016200109260003500271300001100306502008700317650002800404650002000432650002800452650002700480710005300507Para_1316CHAP220125s1998 xx 000 0 und d a200024 cCHAP aHernández Pérez, Delfina aEnfermedades de maíz (Zea mays L.), trigo (Triticum aestivum L.), y cebada (Hordeum vulgare L.), presentes en México /c por Delfina Hernández Pérez aChapingo, Méx. :b El autor a126 h. aTesis (Ing. Agr. Esp. en Parasitología Agrícola), UACh. Depto. Parasitología aCebada x enfermedades  aFitopatología aMaíz x enfermedades  aTrigo x enfermedades  aUACh. Departamento de Parasitología Agrícola